The European Year of Skills 2023 and Employment Prospects for EU and Third Country Nationals

V kontexte zelenej a digitálnej transformácie sa autori zameriavajú aj na rok 2023 ako Európsky rok zručností, ktorý zvýrazní potenciál zvyšovania zamestnateľnosti na základe zlepšovania zručností jednotlivcov.

Na minha lista:
Detalhes bibliográficos
Autor principal: Čiderová, Denisa, 1977-
Outros Autores: Rutkay, Jakub, Sirotka, Vladimír
Formato: Capítulo de Livro
Idioma:inglês
Assuntos:
Tags: Adicionar Tag
Sem tags, seja o primeiro a adicionar uma tag!

MARC

LEADER 00000naa$a2200000$$$4500
001 0304364
005 20240930120939.9
041 0 |a eng 
044 |a RO 
245 1 0 |a The European Year of Skills 2023 and Employment Prospects for EU and Third Country Nationals  |c Denisa Čiderová, Jakub Rutkay, Vladimír Sirotka 
520 |a V kontexte zelenej a digitálnej transformácie sa autori zameriavajú aj na rok 2023 ako Európsky rok zručností, ktorý zvýrazní potenciál zvyšovania zamestnateľnosti na základe zlepšovania zručností jednotlivcov. 
610 2 0 |a priemysel 4.0 
610 2 0 |a priemysel 5.0 
610 2 0 |a zručnosti 
610 2 0 |a zamestnanosť 
610 2 0 |a transformácia digitálna 
610 2 0 |a ekonomika zelená 
100 1 |a Čiderová, Denisa, 1977- 
700 1 |a Rutkay, Jakub 
700 1 |a Sirotka, Vladimír